000 00920nam a2200265 i 4500
001 bg
100 1 _aPOŁOWINKO, Igor
245 1 0 _aOptyczne właściwości faz niewspółmiernych kryształów typu A~(2MX~(4 /
_cIgor Połowinko, Stanisław Kałuża.
260 _aKielce :
_bPŚ,
_c1998.
300 _a320 s. :
_brys., wykr. ;
_c24 cm.
490 1 _aMonografie, Studia, Rozprawy / Politechnika Świętokrzyska ;
_v11
500 _aNa s. red. i okł. zbędny ISSN.
504 _aBibliogr. s. 269-307.
650 9 _aFerroelektryki
_xfizyka
650 9 _aKryształy
_xfizyka
_xbadanie
650 9 _aOptyka
_xzagadnienia
650 9 _aPrzemiany fazowe
_xzagadnienia
700 1 _aKAŁUŻA, Stanisław
830 0 _aMonografie, Studia, Rozprawy (Politechnika Świętokrzyska) ;
_v11
040 _cBPK
041 0 _apl
080 _a537.2:535.8:538.91
942 _cKS
008 s pl f |000 0 pol
999 _c37760
_d37760
856 _uhttp://koha.tu.koszalin.pl/cgi-bin/koha/opac-detail.pl?biblionumber=37760
_yKatalog online BPK